Boletín del Senado de la República : (Record no. 18510)
[ view plain ]
| 000 -LEADER | |
|---|---|
| campo de control de longitud fija | 01252cas a2200313 a 4500 |
| 001 - NÚMERO DE CONTROL | |
| campo de control | 47019 |
| 005 - FECHA Y HORA DE LA ÚLTIMA TRANSACCIÓN | |
| campo de control | 20230410102055.0 |
| 008 - DATOS DE LONGITUD FIJA--INFORMACIÓN GENERAL | |
| campo de control de longitud fija | 860206u1984 dr uu p f0 b0spa |
| 010 ## - NÚMERO DE CONTROL DE LA BIBLIOTECA DEL CONGRESO | |
| Número de control de LC | 86640250 |
| 035 ## - NÚMERO DE CONTROL DEL SISTEMA | |
| Número de control de sistema | (OCoLC)ocm13111682 |
| 040 ## - FUENTE DE CATALOGACIÓN | |
| Centro catalogador/agencia de origen | DLC |
| Centro/agencia transcriptor | DLC |
| 012 ## - | |
| -- | 4 |
| 035 ## - NÚMERO DE CONTROL DEL SISTEMA | |
| Número de control de sistema | (OCoLC)13111682 |
| 042 ## - CÓDIGO DE AUTENTICACIÓN | |
| Código de autenticación | lc |
| 043 ## - CÓDIGO DE ÁREA GEOGRÁFICA | |
| Código de área geográfica | nwdr--- |
| 050 14 - SIGNATURA TOPOGRÁFICA DE LA BIBLIOTECA DEL CONGRESO | |
| Número de clasificación | 118 JL 1133 |
| Número de ítem | R426b 1984 |
| 082 00 - NÚMERO DE LA CLASIFICACIÓN DECIMAL DEWEY | |
| Número de clasificación | 328.7293/071/05 |
| Número de edición | 19 |
| 110 1# - ENTRADA PRINCIPAL--NOMBRE DE ENTIDAD CORPORATIVA | |
| Nombre de entidad corporativa o nombre de jurisdicción como elemento de entrada | República Dominicana |
| Unidad subordinada | Congreso Nacional. |
| -- | Senado. |
| 245 10 - MENCIÓN DEL TÍTULO | |
| Título | Boletín del Senado de la República : |
| Resto del título | Segunda legislatura ordinaria del año 1983, período 1982-1986 / |
| Mención de responsabilidad, etc. | director Jorge N. Quiñones H. |
| 260 ## - PUBLICACIÓN, DISTRIBUCIÓN, ETC. | |
| Lugar de publicación, distribución, etc. | Santo Domingo de Guzmán, R.D. : |
| Nombre del editor, distribuidor, etc. | El Senado, |
| Fecha de publicación, distribución, etc. | 1984 |
| 300 ## - DESCRIPCIÓN FÍSICA | |
| Extensión | v. ; |
| Dimensiones | 28 cm. |
| 500 ## - NOTA GENERAL | |
| Nota general | Description based on: No. 443,444 (Sesiones celebradas del 16 de agosto de 1983 al 22 de diciembre de 1983. Primera legislatura extraordinaria del año 1984, sesiones celebradas del 14 de febrero al 16 de febrero de 1984); title from cover. |
| 610 10 - PUNTO DE ACCESO ADICIONAL DE MATERIA--NOMBRE DE ENTIDAD CORPORATIVA | |
| Nombre de entidad corporativa o nombre de jurisdicción como elemento de entrada | Dominican Republic. |
| Unidad subordinada | Congreso Nacional. |
| -- | Senado |
| Subdivisión de forma | Periodicals. |
| 651 #0 - PUNTO DE ACCESO ADICIONAL DE MATERIA--NOMBRE GEOGRÁFICO | |
| Nombre geográfico | Dominican Republic |
| Subdivisión general | Politics and government |
| Subdivisión de forma | Periodicals. |
| 700 1# - ENTRADA AGREGADA--NOMBRE PERSONAL | |
| Nombre de persona | Quiñones H., Jorge N. |
| 942 ## - ELEMENTOS DE ENTRADA SECUNDARIOS (KOHA) | |
| Fuente del sistema de clasificación o colocación | Clasificación de Library of Congress |
| Tipo de ítem Koha | |
| 946 ## - PROCESAMIENTO DE INFORMACIÓN LOCAL (OCLC) | |
| a | joacota |
| 994 ## - | |
| -- | C0 |
| -- | DRFGD |
| Estatus retirado | Estado de pérdida | Fuente del sistema de clasificación o colocación | Estado de daño | No para préstamo | Colección | Biblioteca de origen | Biblioteca actual | Ubicación en estantería | Fecha de adquisición | Serial enumeration / chronology | Signatura topográfica completa | Código de barras | Visto por última vez | Copia número | Tipo de ítem Koha |
|---|---|---|---|---|---|---|---|---|---|---|---|---|---|---|---|
| Clasificación de Library of Congress | Recursos Regionales | Biblioteca Juan Bosch | Biblioteca Juan Bosch | Recursos Regionales (2do. Piso) | 10/04/2023 | 1 | 118 JL 1133 R426b 1984 | 00000047016 | 23/10/2018 | 1 |
